MARC details
| 000 -CABECERA |
| campo de control de longitud fija |
02126cab a2200277 ab4500 |
| 005 - FECHA Y HORA DE LA ÚLTIMA TRANSACCIÓN |
| campo de control |
20240909123030.0 |
| 008 - ELEMENTOS DE LONGITUD FIJA--INFORMACIÓN GENERAL |
| campo de control de longitud fija |
991125c2017 cr tr p o 000 0 spa d |
| 035 ## - NÚMERO DE CONTROL DEL SISTEMA |
| Número de control de sistema |
UPN01000227116 |
| 040 ## - FUENTE DE LA CATALOGACIÓN |
| Centro catalogador/agencia de origen |
MX-MxUPN |
| Lengua de catalogación |
spa |
| Centro/agencia transcriptor |
MX-MxUPN |
| Normas de descripción |
aacr2 |
| 049 ## - COLECCIÓN |
| Colección |
ART-E |
| 100 1# - ASIENTO PRINCIPAL--NOMBRE PERSONAL |
| Nombre de persona |
Pasek de Pinto, Eva |
| Enlace |
- mlinaricova@hotmail.com |
| 100 1# - ASIENTO PRINCIPAL--NOMBRE PERSONAL |
| Nombre de persona |
Villamil de Vásquez, Teresita |
| 100 1# - ASIENTO PRINCIPAL--NOMBRE PERSONAL |
| Nombre de persona |
Avila de Vanegas, Nelly |
| 245 10 - MENCIÓN DE TÍTULO |
| Título |
Implicaciones de la concepción de planificación por proyectos desde la perspectiva de actores educativos venezolanos |
| Medio |
[recurso electrónico en línea] |
| 506 0# - NOTA DE RESTRICCIONES AL ACCESO |
| Limitaciones de acceso |
Acceso abierto |
| 520 3# - NOTA DE RESUMEN, ETC. |
| Sumario, etc. |
Este artículo proviene de una investigación que tuvo como objetivo derivar implicaciones educativas, epistemológicas, políticas y para el cambio a partir de las concepciones sobre planificación por proyectos que poseen los actores educativos. El estudio se abordó desde la corriente filosófica fenomenológica con una metodología cualitativa centrada en la entrevista. Siguiendo a Rodríguez, Gil y García (1999), la pesquisa se realizó en cuatro fases: la preparatoria, el trabajo de campo, el análisis y la informativa. Las entrevistas en profundidad fueron realizadas a tres directores, ocho docentes, cuatro representantes y dos estudiantes; se transcribieron, se organizó, codificó, categorizó por concepción, interpretó y trianguló la información recabada. Los resultados obtenidos indican que los actores educativos entienden la planificación por proyectos como visión, secuencia ordenada de pasos, acción colectiva, intención de logro, estrategia y meta. De estas ideas se derivaron implicaciones educativas, epistemológicas, políticas y para el cambio. Educare |
| 653 0# - TERMINO DE INDIZACION - NO CONTROLADO |
| Término no controlado |
Planificación de proyectos |
| 653 0# - TERMINO DE INDIZACION - NO CONTROLADO |
| Término no controlado |
Planeación educativa |
| 653 0# - TERMINO DE INDIZACION - NO CONTROLADO |
| Término no controlado |
Enfoque filosófico |
| 773 ## - ENLACE AL DOCUMENTO FUENTE/ENTRADA DE REGISTRO ANFITRIÓN |
| Parte(s) relacionada(s) |
Vol. 21, no. 2 (2017), p. 1-27 |
| Título |
Revista electrónica educare |
| Número Internacional Normalizado para Publicaciones Seriadas |
1607-4041 |
| 856 4# - LOCALIZACIÓN Y ACCESO ELECTRÓNICOS |
| Identificador Uniforme del Recurso |
<a href="https://www.revistas.una.ac.cr/index.php/EDUCARE/article/view/7634">https://www.revistas.una.ac.cr/index.php/EDUCARE/article/view/7634</a> |
| 856 4# - LOCALIZACIÓN Y ACCESO ELECTRÓNICOS |
| Identificador Uniforme del Recurso |
<a href="https://doi.org/10.15359/ree.21-2.13">https://doi.org/10.15359/ree.21-2.13</a> |
| 902 ## - ELEMENTOS DE DATOS B LOCAL, LDB (RLIN) |
| Creó |
Leonor Sotres/090924 |
| 905 ## - TIPO DE MATERIAL |
| Tipo de material |
Articulo |
| 942 ## - ELEMENTOS DE PUNTO DE ACCESO ADICIONAL (KOHA) |
| Tipo de ítem Koha |
Artículo Electrónico |